<?xml version="1.0" encoding="UTF-8"?>
<record
    xmlns:xsi="http://www.w3.org/2001/XMLSchema-instance"
    xsi:schemaLocation="http://www.loc.gov/MARC21/slim http://www.loc.gov/standards/marcxml/schema/MARC21slim.xsd"
    xmlns="http://www.loc.gov/MARC21/slim">

  <leader>00447nam a2200157Ia 4500</leader>
  <controlfield tag="008">230718s9999    xx            000 0 und d</controlfield>
  <datafield tag="041" ind1=" " ind2=" ">
    <subfield code="a">eng</subfield>
  </datafield>
  <datafield tag="082" ind1=" " ind2=" ">
    <subfield code="a">628.5'30287</subfield>
    <subfield code="b">HAW</subfield>
  </datafield>
  <datafield tag="100" ind1=" " ind2=" ">
    <subfield code="a">Hawley C.</subfield>
    <subfield code="9">172531</subfield>
  </datafield>
  <datafield tag="245" ind1=" " ind2=" ">
    <subfield code="a">Hazardous Materials Air Monitoring And Detection Devices</subfield>
  </datafield>
  <datafield tag="260" ind1=" " ind2=" ">
    <subfield code="c">2002</subfield>
    <subfield code="b">Delmar</subfield>
  </datafield>
  <datafield tag="300" ind1=" " ind2=" ">
    <subfield code="a">134</subfield>
  </datafield>
  <datafield tag="365" ind1=" " ind2=" ">
    <subfield code="c">Rs.</subfield>
    <subfield code="b">421.60</subfield>
  </datafield>
  <datafield tag="700" ind1=" " ind2=" ">
    <subfield code="a">Hawley C.</subfield>
    <subfield code="9">172531</subfield>
  </datafield>
  <datafield tag="906" ind1=" " ind2=" ">
    <subfield code="d">O:0060123-Feb-2010B:59830-Oct-2009</subfield>
    <subfield code="c">ALLEDS</subfield>
    <subfield code="b">84.32</subfield>
  </datafield>
  <datafield tag="999" ind1=" " ind2=" ">
    <subfield code="c">324229</subfield>
    <subfield code="d">324229</subfield>
  </datafield>
  <datafield tag="952" ind1=" " ind2=" ">
    <subfield code="0">0</subfield>
    <subfield code="1">0</subfield>
    <subfield code="4">0</subfield>
    <subfield code="7">0</subfield>
    <subfield code="a">CCEP</subfield>
    <subfield code="b">CCEP</subfield>
    <subfield code="d">2010-02-23</subfield>
    <subfield code="e">Pradeep Book Distributors</subfield>
    <subfield code="f">ALLEDS</subfield>
    <subfield code="g">337.28</subfield>
    <subfield code="i">598</subfield>
    <subfield code="l">0</subfield>
    <subfield code="o">628.5'30287</subfield>
    <subfield code="p">CCEP-BK-35436</subfield>
    <subfield code="r">2023-07-18 00:00:00</subfield>
    <subfield code="t">84.32</subfield>
    <subfield code="v">421.60</subfield>
    <subfield code="w">2009-10-30</subfield>
    <subfield code="y">BK</subfield>
    <subfield code="z">035436</subfield>
  </datafield>
</record>
